[Event "MCR mladeze 2014, D10"]
[Site "Kouty nad Desnou"]
[Date "2014.03.11"]
[Round "4"]
[White "Dvorakova, Olga"]
[Black "Maresova, Micheala"]
[Result "1-0"]
[WhiteElo "1245"]
[BlackElo "1202"]
[PlyCount "147"]
[EventDate "2014.??.??"]

1. e4 e5 2. Nf3 Nc6 3. Bc4 Nf6 4. d3 Be7 5. Bg5 h6 6. Bh4 g5 7. Bg3 d6 8. h3 a6
9. c3 b5 10. Bb3 a5 11. Nbd2 a4 12. Bc2 Be6 13. d4 exd4 14. cxd4 d5 15. Rc1
dxe4 16. Nxe4 Ra6 17. Bd3 Rb6 18. Nxf6+ Bxf6 19. Be4 Bd7 20. Qe2 Kf8 21. d5 Nd4
22. Nxd4 Bxd4 23. Bxc7 Qe8 24. Bxb6 Bxb6 25. O-O Bf5 26. Bf3 Qxe2 27. Bxe2 b4
28. Rc4 b3 29. Rxa4 bxa2 30. Rxa2 Kg7 31. b4 Rb8 32. Rd1 Kf8 33. b5 Ke8 34. Ra6
Bc8 35. Ra4 Kd8 36. Kf1 Bf5 37. Bd3 Bc8 38. Ke2 Kd7 39. Bf5+ Kd8 40. Bxc8 Kxc8
41. Ra2 Kd7 42. Kf3 Bc5 43. Rb2 Bb6 44. Ke4 Re8+ 45. Kf5 Rc8 46. Kf6 Rf8 47.
Kg7 Re8 48. Kxf7 Re7+ 49. Kg6 Re5 50. Kxh6 Kd6 51. f3 Kd7 52. Kg6 Kd6 53. Kf6
Bd8+ 54. Kg6 Bb6 55. Rc2 Kd7 56. Kf6 Re8 57. Kxg5 Bd8+ 58. Kf5 Rf8+ 59. Ke4
Re8+ 60. Kd3 Bg5 61. Re2 Rxe2 62. Kxe2 Bd8 63. f4 Ke7 64. g4 Kf7 65. d6 Ke8 66.
d7+ Ke7 67. g5 Kf7 68. Rd6 Kg7 69. Re6 Kh7 70. Re8 Kg6 71. Rxd8 Kf7 72. Re8 Kg6
73. d8=Q Kf7 74. Qf6+ 1-0

[Event "MCR mladeze 2014, D10"]
[Site "Kouty nad Desnou"]
[Date "2014.03.11"]
[Round "4"]
[White "Malkova, Adriana"]
[Black "Fizerova, Lucie"]
[Result "1-0"]
[WhiteElo "1309"]
[BlackElo "1160"]
[PlyCount "117"]
[EventDate "2014.??.??"]

1. e4 e6 2. Nc3 d5 3. Nf3 Nf6 4. e5 Nfd7 5. d4 c5 6. Nb5 Qb6 7. a4 a6 8. a5 Qc6
9. Nc3 Be7 10. Be2 O-O 11. O-O f6 12. Bf4 cxd4 13. Qxd4 b5 14. axb6 Nxb6 15. b4
fxe5 16. Bxe5 Bf6 17. Bd3 N8d7 18. b5 axb5 19. Bxb5 Qb7 20. Bxd7 Bxd7 21. Bxf6
Rxf6 22. Rxa8+ Nxa8 23. Rb1 Qc6 24. Ne5 Qc7 25. Nxd7 Qxd7 26. Rb8+ Rf8 27.
Rxf8+ Kxf8 28. Qf4+ Qf7 29. Qxf7+ Kxf7 30. Kf1 Nb6 31. Ke2 Nc4 32. Kd3 Nb2+ 33.
Kd4 Kf6 34. Kc5 Ke5 35. g3 d4 36. f4+ Kf6 37. Ne4+ Ke7 38. Kxd4 Na4 39. c4 Nb6
40. c5 Nc8 41. Ke5 Na7 42. f5 Nc6+ 43. Kf4 exf5 44. Kxf5 Nd4+ 45. Kg4 Kd7 46.
h4 Kc6 47. Kg5 Nf3+ 48. Kf5 Nd4+ 49. Ke5 Nb3 50. Ke6 Nd4+ 51. Kf7 g6 52. Kg7
Nf5+ 53. Kxh7 Ne7 54. Kg7 g5 55. h5 Kd5 56. Kf7 Nf5 57. Nf6+ Kxc5 58. Ne4+ Kc6
59. Kf6 1-0

[Event "MCR mladeze 2014, D10"]
[Site "Kouty nad Desnou"]
[Date "2014.03.11"]
[Round "4"]
[White "Pisova, Petra"]
[Black "Vavrinova, Anna"]
[Result "0-1"]
[WhiteElo "1233"]
[BlackElo "1284"]
[PlyCount "126"]
[EventDate "2014.??.??"]

1. e4 d5 2. exd5 Qxd5 3. Nc3 Qd6 4. Nf3 Bg4 5. Be2 Nf6 6. O-O c6 7. d3 e6 8.
Bg5 Nbd7 9. h3 Bh5 10. Ne4 Nxe4 11. dxe4 Be7 12. Qxd6 Bxd6 13. Rfd1 Bc7 14. Rd2
Nc5 15. e5 Ne4 16. Rad1 Nxd2 17. Rxd2 O-O 18. Rd7 h6 19. Bf4 Rac8 20. Rd3 Rfd8
21. Rb3 b6 22. Rc3 c5 23. Ba6 Rb8 24. b4 Bxf3 25. gxf3 Rd4 26. Bg3 Rxb4 27. a3
Rb1+ 28. Kg2 Rd8 29. Bd3 Rd5 30. Be4 Rdd1 31. Bh2 Rh1 32. Kg3 Rxh2 33. Kxh2
Bxe5+ 34. f4 Bxc3 35. Kg3 f5 36. Bc6 g5 37. Bd7 gxf4+ 38. Kxf4 Kf7 39. Bc6 e5+
40. Kxf5 Rg1 41. Bd5+ Ke7 42. f4 exf4 43. Kxf4 Kd6 44. Bb3 a5 45. Ke4 Rd1 46.
a4 Rd4+ 47. Ke3 Kc6 48. h4 b5 49. h5 bxa4 50. Bxa4+ Rxa4 51. Kd3 Rb4 52. Kxc3
a4 53. Kd2 a3 54. c3 Rb6 55. Kd3 a2 56. Kc4 a1=Q 57. Kd3 Qa4 58. Ke3 Rb3 59.
Kd3 Qd4+ 60. Ke2 Qxc3 61. Kd1 Qh3 62. Ke1 Qh2 63. Kf1 Rb1# 0-1

[Event "MCR mladeze 2014, D10"]
[Site "Kouty nad Desnou"]
[Date "2014.03.11"]
[Round "4"]
[White "Korenova, Karolina"]
[Black "Stastna, Martina"]
[Result "0-1"]
[WhiteElo "1256"]
[BlackElo "1119"]
[PlyCount "82"]
[EventDate "2014.??.??"]

1. e4 e5 2. Nf3 Nc6 3. d4 exd4 4. Nxd4 Bc5 5. Be3 Qf6 6. c3 Nge7 7. Bc4 Qg6 8.
Qf3 Ne5 9. Qe2 Qxg2 10. Rf1 Qxe4 11. Nd2 Qg6 12. Nb5 Qc6 13. O-O-O d5 14. Bxc5
Qxc5 15. Qxe5 f6 16. Qg3 dxc4 17. Nxc7+ Kf7 18. Nxa8 Qa5 19. a3 Be6 20. Nc7 Bd7
21. Nxc4 Qa4 22. Ne3 Rc8 23. Ncd5 Nf5 24. Qf4 Qxf4 25. Nxf4 Nxe3 26. fxe3 Bb5
27. Nd3 Re8 28. Rf3 Kg8 29. Nc5 Be2 30. Rg3 Bxd1 31. Kxd1 b6 32. Nb3 h5 33. Ke2
a5 34. Nd4 Re4 35. Kf3 Re5 36. e4 Kf7 37. Nc6 Re8 38. Kf4 g5+ 39. Kf5 Rc8 40.
Nd4 Rc5+ 41. e5 Rxe5# 0-1

[Event "MCR mladeze 2014, D10"]
[Site "Kouty nad Desnou"]
[Date "2014.03.11"]
[Round "4"]
[White "Garska, Lenka"]
[Black "Lhotska, Anna"]
[Result "1-0"]
[WhiteElo "1273"]
[BlackElo "1160"]
[PlyCount "113"]
[EventDate "2014.03.08"]

1. e4 e5 2. Nf3 Nf6 3. Nc3 Bb4 4. d3 O-O 5. Be2 d6 6. O-O Be6 7. Bg5 Nbd7 8.
Nd5 Bxd5 9. exd5 h6 10. Bh4 Re8 11. c3 Bc5 12. b4 Bb6 13. a4 a5 14. b5 Rc8 15.
c4 c6 16. dxc6 bxc6 17. bxc6 Rxc6 18. Re1 Bd4 19. Nxd4 exd4 20. Bg4 Rxe1+ 21.
Qxe1 Ne5 22. Bxf6 Qxf6 23. Be2 Qg6 24. Qxa5 Rc5 25. Qd8+ Kh7 26. a5 Nc6 27. Qa8
Qg5 28. a6 Ra5 29. Rxa5 Qc1+ 30. Bf1 Nxa5 31. Qe4+ g6 32. a7 Nb3 33. a8=Q Nd2
34. Qe2 Nb3 35. Qb7 Kg7 36. Qef3 Qxf1+ 37. Kxf1 Nd2+ 38. Ke1 Nxf3+ 39. gxf3 Kf6
40. Qd5 g5 41. Qxd4+ Kg6 42. Qxd6+ f6 43. Ke2 Kf5 44. Ke3 g4 45. fxg4+ Kg5 46.
Qd5+ Kg6 47. h4 h5 48. Qxh5+ Kg7 49. g5 f5 50. Qh6+ Kg8 51. Qa6 Kg7 52. Kf4 Kg8
53. Kxf5 Kg7 54. Qg6+ Kf8 55. Qh7 Ke8 56. Ke6 Kd8 57. Qd7# 1-0

[Event "MCR mladeze 2014, D10"]
[Site "Kouty nad Desnou"]
[Date "2014.03.11"]
[Round "4"]
[White "Vsetulova, Viktorie"]
[Black "Szuscikova, Natalie"]
[Result "1-0"]
[WhiteElo "1241"]
[BlackElo "1223"]
[PlyCount "121"]
[EventDate "2014.03.08"]

1. e4 e5 2. Nf3 Nc6 3. Bc4 Nf6 4. d3 Be7 5. Nc3 d6 6. Bg5 Bg4 7. h3 Bh5 8. g4
Bg6 9. Qd2 h6 10. Bh4 Qd7 11. O-O-O O-O-O 12. d4 exd4 13. Bxf6 Bxf6 14. Nd5 Bg5
15. Nxg5 hxg5 16. Qxg5 Rde8 17. Rhe1 Rxh3 18. Bb5 Rh2 19. Rd2 Bxe4 20. Bxc6
bxc6 21. Nb4 c5 22. Nd5 Bxd5 23. Rxe8+ Qxe8 24. Qxd5 Kd7 25. Qf3 c4 26. Rxd4
Qh8 27. Qxf7+ Kd8 28. Qf3 Qh6+ 29. Qe3 Rh1+ 30. Rd1 Rxd1+ 31. Kxd1 Qh4 32. c3
Qxg4+ 33. Qe2 Qxe2+ 34. Kxe2 Ke7 35. Ke3 Kf6 36. Kf4 g5+ 37. Kg4 Kg6 38. f4
gxf4 39. Kxf4 Kf6 40. Ke4 Ke6 41. Kd4 d5 42. b4 cxb3 43. axb3 Kd6 44. b4 c6 45.
c4 c5+ 46. bxc5+ Kc6 47. cxd5+ Kb5 48. c6 a5 49. c7 a4 50. c8=Q a3 51. Qb8+ Ka4
52. Qa8+ Kb3 53. Qxa3+ Kxa3 54. d6 Kb4 55. d7 Kb5 56. d8=Q Kc6 57. Qe7 Kb6 58.
Qd7 Ka5 59. Qb7 Ka4 60. Kc4 Ka5 61. Qb5# 1-0

[Event "MCR mladeze 2014, D10"]
[Site "Kouty nad Desnou"]
[Date "2014.03.11"]
[Round "4"]
[White "Ruzickova, Ema"]
[Black "Dudova, Pavlina"]
[Result "1-0"]
[WhiteElo "1116"]
[BlackElo "1047"]
[PlyCount "51"]
[EventDate "2014.03.08"]

1. e4 e5 2. f4 exf4 3. Nf3 d5 4. Nc3 Nf6 5. e5 Ne4 6. d4 Nc6 7. Bxf4 Bb4 8. Bd2
Bg4 9. Be2 O-O 10. O-O f6 11. a3 Bxc3 12. Bxc3 fxe5 13. dxe5 Nxc3 14. bxc3 Bxf3
15. Bxf3 Nxe5 16. Bxd5+ Kh8 17. Rxf8+ Qxf8 18. Qh5 c6 19. Be4 Qg8 20. Bxh7 Qd8
21. Bg6+ Kg8 22. Qxe5 Qb6+ 23. Kh1 Rf8 24. Qe6+ Kh8 25. Qh3+ Kg8 26. Qh7# 1-0

[Event "MCR mladeze 2014, D10"]
[Site "Kouty nad Desnou"]
[Date "2014.03.11"]
[Round "4"]
[White "Michalkova, Viktorie Nela"]
[Black "Kovarova, Sasa"]
[Result "1-0"]
[WhiteElo "1100"]
[BlackElo "1000"]
[PlyCount "131"]
[EventDate "2014.03.08"]

1. e4 e5 2. Nf3 Nc6 3. Nc3 Bc5 4. Bc4 d6 5. h3 Bd7 6. d3 Na5 7. Bg5 f6 8. Bd2
Nxc4 9. dxc4 Be6 10. b3 Ne7 11. Qe2 Ba3 12. Nb5 Bb2 13. Rb1 Bd4 14. Ba5 b6 15.
Bb4 c5 16. Bc3 Bxc3+ 17. Nxc3 a6 18. O-O Rb8 19. Rbd1 b5 20. a4 b4 21. Nd5 Nxd5
22. cxd5 Bf7 23. Qxa6 Ra8 24. Qb5+ Ke7 25. a5 Be8 26. Qb7+ Bd7 27. a6 Rb8 28.
Qa7 Ra8 29. Qb7 Qc8 30. Ra1 Rxa6 31. Qxa6 Qxa6 32. Rxa6 Bb5 33. Ra7+ Bd7 34.
Rfa1 g5 35. Rb7 Kd8 36. Ra8+ Bc8 37. Rbb8 Kc7 38. Ra7+ Kxb8 39. Rf7 f5 40. exf5
Ba6 41. Nxg5 h6 42. Rh7 Rg8 43. Nf7 Bc8 44. Nxh6 Rf8 45. Rf7 Rh8 46. Rf6 Rd8
47. Nf7 Rd7 48. Nxd6 Re7 49. Rf8 Kc7 50. Nxc8 Rd7 51. Na7 e4 52. Nb5+ Kb6 53.
Rb8+ Ka5 54. f6 Rf7 55. d6 Rd7 56. Nc7 Rf7 57. Ne8 Ka6 58. Rd8 Rf8 59. d7 Kb7
60. Rc8 Rf7 61. Nd6+ Kb6 62. Nxf7 e3 63. d8=Q+ Kb7 64. fxe3 Ka6 65. Qd6+ Kb5
66. Rxc5# 1-0

[Event "MCR mladeze 2014, D10"]
[Site "Kouty nad Desnou"]
[Date "2014.03.11"]
[Round "4"]
[White "Habinova, Alice"]
[Black "Muzikarova, Magdalena"]
[Result "1-0"]
[WhiteElo "1100"]
[BlackElo "1000"]
[PlyCount "21"]
[EventDate "2014.03.08"]

1. e4 Nf6 2. Nc3 e5 3. Nf3 Nc6 4. d4 Bb4 5. dxe5 Nxe4 6. Bd2 O-O 7. Nxe4 Bxd2+
8. Qxd2 d5 9. Neg5 Qe8 10. Qd3 Nxe5 11. Qxh7# 1-0

[Event "MCR mladeze 2014, D10"]
[Site "Kouty nad Desnou"]
[Date "2014.03.11"]
[Round "4"]
[White "Ruzickova, Aneta"]
[Black "Zachova, Tereza"]
[Result "1-0"]
[WhiteElo "1083"]
[BlackElo "1059"]
[PlyCount "45"]
[EventDate "2014.03.08"]

1. e4 e5 2. Nf3 Nc6 3. Bc4 Nf6 4. Ng5 d5 5. exd5 b5 6. Bxb5 Qxd5 7. Nc3 Qc5 8.
d3 Bd6 9. Qf3 Bg4 10. Qxc6+ Qxc6 11. Bxc6+ Ke7 12. Bxa8 Rxa8 13. Nge4 Nxe4 14.
Nxe4 Bb4+ 15. Bd2 Bxd2+ 16. Kxd2 Rb8 17. f3 Be6 18. Ng5 Bd5 19. Nxh7 Rxb2 20.
Rab1 Rxb1 21. Rxb1 Bxa2 22. Ra1 Bd5 23. Rxa7 1-0

[Event "MCR mladeze 2014, D10"]
[Site "Kouty nad Desnou"]
[Date "2014.03.11"]
[Round "5"]
[White "Malkova, Adriana"]
[Black "Dvorakova, Olga"]
[Result "0-1"]
[WhiteElo "1309"]
[BlackElo "1245"]
[PlyCount "64"]
[EventDate "2014.??.??"]

1. e4 e5 2. Nf3 Nc6 3. d4 exd4 4. Bc4 Bc5 5. c3 d3 6. Qxd3 Nge7 7. O-O O-O 8.
Re1 d6 9. b4 Bb6 10. a4 a5 11. b5 Ne5 12. Nxe5 dxe5 13. Qg3 Ng6 14. Qf3 Qe7 15.
Ba3 Bc5 16. Re2 Rd8 17. Bb3 Be6 18. Bc2 Rd7 19. h3 Bxa3 20. Rxa3 Rad8 21. Re1
Nf4 22. g3 Nxh3+ 23. Kg2 Ng5 24. Qh5 h6 25. Rh1 f5 26. exf5 Bd5+ 27. Kg1 Bxh1
28. Kxh1 Qd6 29. Bb3+ Kh8 30. c4 Qd3 31. Ba2 Qf1+ 32. Kh2 Qxf2+ 0-1

[Event "MCR mladeze 2014, D10"]
[Site "Kouty nad Desnou"]
[Date "2014.03.11"]
[Round "5"]
[White "Vavrinova, Anna"]
[Black "Garska, Lenka"]
[Result "1-0"]
[WhiteElo "1284"]
[BlackElo "1273"]
[PlyCount "113"]
[EventDate "2014.??.??"]

1. e4 e5 2. Nf3 Nc6 3. Bb5 d6 4. d4 Bd7 5. dxe5 Nxe5 6. Bxd7+ Qxd7 7. Nxe5 dxe5
8. Qxd7+ Kxd7 9. O-O Rd8 10. Nc3 Kc8 11. Be3 Nf6 12. a3 Be7 13. Rad1 b6 14. h3
Rhe8 15. Rfe1 h6 16. h4 h5 17. b4 g6 18. Bg5 Kb7 19. Nd5 Nxd5 20. exd5 Bxg5 21.
hxg5 Ka6 22. c4 b5 23. c5 Kb7 24. Re3 f5 25. gxf6 Kc8 26. c6 Rf8 27. Rf3 g5 28.
Rf5 h4 29. Rxg5 Rxf6 30. Rxe5 Rxc6 31. dxc6 Rxd1+ 32. Kh2 Kd8 33. Rxb5 Rd6 34.
Rc5 Rf6 35. f3 a6 36. Rd5+ Rd6 37. Rxd6+ cxd6 38. a4 d5 39. b5 a5 40. b6 Kc8
41. Kg1 d4 42. Kf2 Kb8 43. f4 d3 44. Ke3 d2 45. Kxd2 Kc8 46. f5 Kd8 47. f6 Ke8
48. b7 h3 49. gxh3 Kf7 50. b8=Q Kxf6 51. c7 Kg6 52. c8=Q Kg5 53. Qc4 Kf5 54.
Qbb5+ Kf6 55. Qcc6+ Ke7 56. Qbb7+ Kd8 57. Qcc8# 1-0

[Event "MCR mladeze 2014, D10"]
[Site "Kouty nad Desnou"]
[Date "2014.03.11"]
[Round "5"]
[White "Stastna, Martina"]
[Black "Vsetulova, Viktorie"]
[Result "1-0"]
[WhiteElo "1119"]
[BlackElo "1241"]
[PlyCount "129"]
[EventDate "2014.??.??"]

1. e4 e5 2. Nf3 Nc6 3. Bc4 Nf6 4. d3 Bc5 5. Nc3 d6 6. Bg5 h6 7. Bh4 g5 8. Bg3
Bg4 9. Qd2 Qd7 10. Bb5 Bxf3 11. gxf3 O-O-O 12. Nd5 Nh7 13. O-O-O h5 14. h4 f6
15. hxg5 fxg5 16. Rxh5 Qf7 17. Rhh1 Ne7 18. Nxe7+ Qxe7 19. Kb1 d5 20. Qa5 Bb6
21. Qa3 Qxa3 22. bxa3 c6 23. Ba4 Bc7 24. exd5 Rxd5 25. Bb3 Rdd8 26. Be6+ Kb8
27. Rde1 Rdf8 28. Rh2 Rxf3 29. Bxe5 Bxe5 30. Rxe5 Rff8 31. Bf5 Rf7 32. Kb2 Kc7
33. Bxh7 Rhxh7 34. Rxh7 Rxh7 35. Rxg5 Rh2 36. f4 Rf2 37. Rg4 Kd6 38. Rg7 Rxf4
39. Rxb7 a5 40. Ra7 a4 41. c4 Rf2+ 42. Kc3 Rxa2 43. Rxa4 c5 44. d4 cxd4+ 45.
Kxd4 Rd2+ 46. Kc3 Ra2 47. Kb3 Rd2 48. Ra5 Rd3+ 49. Kb4 Kc6 50. Rh5 Kb6 51. Rh6+
Kb7 52. a4 Rd7 53. c5 Rc7 54. Kb5 Ka7 55. a5 Rb7+ 56. Rb6 Rxb6+ 57. axb6+ Kb7
58. c6+ Kb8 59. b7 Ka7 60. Kc5 Kb8 61. Kd6 Ka7 62. Kc7 Ka6 63. b8=Q Ka5 64. Qb3
Ka6 65. Qb6# 1-0

[Event "MCR mladeze 2014, D10"]
[Site "Kouty nad Desnou"]
[Date "2014.03.11"]
[Round "5"]
[White "Maresova, Micheala"]
[Black "Pisova, Petra"]
[Result "1-0"]
[WhiteElo "1202"]
[BlackElo "1233"]
[PlyCount "57"]
[EventDate "2014.??.??"]

1. e4 e5 2. Nf3 Nf6 3. Nc3 Nc6 4. d4 exd4 5. Nxd4 Bb4 6. Nxc6 bxc6 7. e5 Bxc3+
8. bxc3 Nd5 9. Qf3 O-O 10. Bd3 Nxc3 11. Qh3 f6 12. Bxh7+ Kf7 13. Qxc3 fxe5 14.
Qf3+ Ke6 15. Qg4+ Kd6 16. Ba3+ c5 17. Rd1+ Ke7 18. Bxc5+ d6 19. Qxg7+ Rf7 20.
Qh6 Be6 21. Be3 Bxa2 22. Bg5+ Kd7 23. Bxd8 Rxd8 24. Ra1 Bd5 25. Rxa7 Bxg2 26.
Rg1 Bc6 27. Rg7 Rxg7 28. Qxg7+ Kc8 29. Qxc7# 1-0

[Event "MCR mladeze 2014, D10"]
[Site "Kouty nad Desnou"]
[Date "2014.03.11"]
[Round "5"]
[White "Ruzickova, Ema"]
[Black "Korenova, Karolina"]
[Result "0-1"]
[WhiteElo "1116"]
[BlackElo "1256"]
[PlyCount "50"]
[EventDate "2014.03.08"]

1. e4 e5 2. f4 exf4 3. Nf3 Nf6 4. Nc3 Nc6 5. Bb5 a6 6. Bxc6 dxc6 7. O-O Bc5+ 8.
d4 Bb6 9. Bxf4 h6 10. Re1 O-O 11. Ne5 Bxd4+ 12. Be3 Bxe5 13. Qf3 Bg4 14. Qf2 b6
15. Qh4 Bd4 16. Qg3 Bxe3+ 17. Rxe3 Be6 18. Rd1 Qe7 19. Rf3 Bg4 20. Rdf1 Bxf3
21. Rxf3 Qc5+ 22. Kh1 Qg5 23. Qxc7 Qc1+ 24. Nd1 Qxd1+ 25. Rf1 Qxf1# 0-1

[Event "MCR mladeze 2014, D10"]
[Site "Kouty nad Desnou"]
[Date "2014.03.11"]
[Round "5"]
[White "Fizerova, Lucie"]
[Black "Michalkova, Viktorie Nela"]
[Result "1-0"]
[WhiteElo "1160"]
[BlackElo "1100"]
[PlyCount "47"]
[EventDate "2014.03.08"]

1. e4 e5 2. Nf3 Nc6 3. Bb5 Nd4 4. Nxd4 exd4 5. O-O c6 6. Ba4 Nf6 7. d3 h6 8. c3
d6 9. cxd4 d5 10. e5 Nd7 11. Nc3 Bb4 12. a3 Ba5 13. b4 Bb6 14. Be3 f6 15. e6
Nf8 16. Qh5+ g6 17. Qf3 Nxe6 18. Qg3 Bc7 19. Qxg6+ Kf8 20. Bxh6+ Ng7 21. Qxg7+
Ke8 22. Rfe1+ Be6 23. Rxe6+ Qe7 24. Qxe7# 1-0

[Event "MCR mladeze 2014, D10"]
[Site "Kouty nad Desnou"]
[Date "2014.03.11"]
[Round "5"]
[White "Lhotska, Anna"]
[Black "Habinova, Alice"]
[Result "1-0"]
[WhiteElo "1160"]
[BlackElo "1100"]
[PlyCount "31"]
[EventDate "2014.03.08"]

1. e4 c5 2. Nf3 d6 3. d4 cxd4 4. Nxd4 e6 5. Nc3 Nf6 6. Be2 d5 7. exd5 exd5 8.
Be3 Nc6 9. O-O Bc5 10. Nxc6 bxc6 11. Bxc5 Nd7 12. Ba3 Qg5 13. Re1 Ne5 14. Bf3
Be6 15. Bd6 f6 16. Qd2 1-0

[Event "MCR mladeze 2014, D10"]
[Site "Kouty nad Desnou"]
[Date "2014.03.11"]
[Round "5"]
[White "Dudova, Pavlina"]
[Black "Ruzickova, Aneta"]
[Result "1-0"]
[WhiteElo "1047"]
[BlackElo "1083"]
[PlyCount "145"]
[EventDate "2014.03.08"]

1. e4 e5 2. Nf3 Nc6 3. Bb5 Nf6 4. Nc3 Bb4 5. d3 d6 6. O-O O-O
7. Bg5 Bg4 8. Nd5 Nd4 9. Nxb4 Nxb5 10. Nd5 Nd4 11. Nxf6+ gxf6 12. Bh6 Nxf3+ 13.
gxf3 Bh3 14. Re1 Re8 15. f4 f5 16. fxe5 Rxe5 17. Qf3 Qh4 18. Qg3+ Qxg3+ 19.
fxg3 fxe4 20. dxe4 Rh5 21. Bf4 f5 22. e5 dxe5 23. Bxe5 c5 24. Rad1 Bg4 25. Rd7
b6 26. Rb7 Kf8 27. Rf1 Re8 28. Bc3 b5 29. Rxa7 Re7 30. Ra8+ Kf7 31. Rd1 Re8 32.
Ra7+ Re7 33. Rxe7+ Kxe7 34. Rd5 b4 35. Be5 c4 36. a4 bxa3 37. bxa3 Bf3 38. Rc5
Ke6 39. a4 Rh6 40. a5 Rg6 41. a6 Kd7 42. a7 h5 43. Rxc4 Ra6 44. Rf4 Ke6 45.
Rxf3 Kxe5 46. Rf1 Rxa7 47. Rc1 Rd7 48. c4 Kd6 49. Rd1+ Kc6 50. Rxd7 Kxd7 51.
Kf2 Kc6 52. Ke3 Kc5 53. Kd3 Kc6 54. Kd4 Kb6 55. Kd5 Kc7 56. c5 Kd7 57. c6+ Ke7
58. h3 Kf6 59. Kd6 Kg5 60. c7 f4 61. gxf4+ Kxf4 62. c8=Q Ke4 63. Qc4+ Kf5 64.
Qd5+ Kf4 65. Kc5 Kg3 66. Qc4 Kxh3 67. Kd5 Kg3 68. Ke5 h4 69. Kf5 h3 70. Qg4+
Kh2 71. Kf4 Kh1 72. Kf3 h2 73. Qg2# 1-0

[Event "MCR mladeze 2014, D10"]
[Site "Kouty nad Desnou"]
[Date "2014.03.11"]
[Round "5"]
[White "Muzikarova, Magdalena"]
[Black "Szuscikova, Natalie"]
[Result "0-1"]
[WhiteElo "1000"]
[BlackElo "1223"]
[PlyCount "38"]
[EventDate "2014.03.08"]

1. e4 e5 2. Nf3 Nc6 3. Bb5 Nf6 4. Nc3 Bc5 5. O-O d6 6. Bxc6+ bxc6 7. Nxe5 dxe5
8. d3 Bg4 9. Qd2 Qd7 10. Qg5 Bh3 11. Qh4 Be6 12. Bg5 Rb8 13. Bxf6 gxf6 14. Qxf6
Rg8 15. Qxe5 Be7 16. Na4 Bh3 17. Nb6 axb6 18. b4 Qg4 19. Rfe1 Qxg2# 0-1

[Event "MCR mladeze 2014, D10"]
[Site "Kouty nad Desnou"]
[Date "2014.03.11"]
[Round "5"]
[White "Zachova, Tereza"]
[Black "Kovarova, Sasa"]
[Result "1-0"]
[WhiteElo "1059"]
[BlackElo "1000"]
[PlyCount "47"]
[EventDate "2014.03.08"]

1. e4 e5 2. Nf3 Nc6 3. Bc4 Bc5 4. c3 d6 5. d4 Na5 6. Bb5+ c6 7. Ba4 Bb6 8. O-O
Nf6 9. Bg5 O-O 10. Nbd2 Bd7 11. dxe5 dxe5 12. Nxe5 Be6 13. Qf3 h6 14. Bf4 c5
15. Qg3 c4 16. Bxh6 Nh5 17. Qf3 gxh6 18. Qxh5 Kh7 19. Bc2 Bc7 20. Nxf7 Bxf7 21.
e5+ Kg7 22. Qg4+ Kh8 23. Qf5 h5 24. Qh7# 1-0

[Event "MCR mladeze 2014, D10"]
[Site "Kouty nad Desnou"]
[Date "2014.03.12"]
[Round "6"]
[White "Dvorakova, Olga"]
[Black "Vavrinkova, Anna"]
[Result "1-0"]
[WhiteElo "1245"]
[BlackElo "1284"]
[PlyCount "101"]
[EventDate "2014.??.??"]

1. d4 d5 2. Nf3 Nf6 3. Bf4 e6 4. e3 Be7 5. Be2 O-O 6. Nbd2 Nbd7 7. O-O b6 8. c3
Bb7 9. Qc2 Rc8 10. Rac1 Re8 11. Bd3 Nf8 12. e4 Ng6 13. Bg3 Nh5 14. Rfe1 Nxg3
15. hxg3 Nf8 16. Qb1 c5 17. b3 a6 18. c4 Qd7 19. Ne5 Qd6 20. Nef3 cxd4 21. exd5
exd5 22. cxd5 Rxc1 23. Rxc1 Rd8 24. Qc2 Rc8 25. Qd1 Qxd5 26. Be4 Rxc1 27. Qxc1
Qd7 28. Bxb7 Qxb7 29. Nxd4 Qd7 30. N4f3 h5 31. Qc3 g5 32. Ne5 Qe6 33. Nec4 Bf6
34. Qe3 Qxe3 35. Nxe3 Bd4 36. Nf5 Bc5 37. Ne4 Bb4 38. Nxg5 f6 39. Ne4 Kf7 40.
Nfd6+ Ke6 41. Nc4 b5 42. Ne3 Ke5 43. Nc2 Ba5 44. Nc5 Bb6 45. Nxa6 h4 46. gxh4
Ng6 47. g3 Ke4 48. Nab4 Ne5 49. Kg2 f5 50. a4 bxa4 51. bxa4 1-0

[Event "MCR mladeze 2014, D10"]
[Site "Kouty nad Desnou"]
[Date "2014.03.12"]
[Round "6"]
[White "Stastna, Martina"]
[Black "Malkova, Adriana"]
[Result "0-1"]
[WhiteElo "1119"]
[BlackElo "1309"]
[PlyCount "66"]
[EventDate "2014.??.??"]

1. e4 c5 2. Nf3 Nc6 3. Bc4 e6 4. Nc3 g6 5. d3 Bg7 6. Be3 b6 7. Qd2 Nge7 8. Bh6
O-O 9. Bxg7 Kxg7 10. O-O Bb7 11. Nb5 d5 12. Bb3 a6 13. Nc3 d4 14. Ne2 a5 15. a4
Nb4 16. c3 dxc3 17. bxc3 Nxd3 18. Rfd1 Bxe4 19. Ng5 Bf5 20. Ng3 Ne5 21. Qe3 Qc7
22. Nxf5+ Nxf5 23. Qh3 h6 24. Bxe6 hxg5 25. Bxf5 Rh8 26. Qg3 gxf5 27. Qxg5+ Ng6
28. h4 Rxh4 29. Qc1 Qh2+ 30. Kf1 Re8 31. f3 Nf4 32. Rd2 Qh1+ 33. Kf2 Qxg2# 0-1

[Event "MCR mladeze 2014, D10"]
[Site "Kouty nad Desnou"]
[Date "2014.03.12"]
[Round "6"]
[White "Lhotska, Anna"]
[Black "Maresova, Micheala"]
[Result "1-0"]
[WhiteElo "1160"]
[BlackElo "1202"]
[PlyCount "95"]
[EventDate "2014.??.??"]

1. e4 e5 2. Bc4 Nf6 3. d3 h6 4. Nf3 Nc6 5. Nc3 Bc5 6. Be3 Bb6 7. Qd2 d6 8. h3
Bd7 9. O-O-O Bxe3 10. fxe3 a6 11. d4 exd4 12. exd4 Qe7 13. Rhe1 b5 14. Bd5 O-O
15. g4 Nh7 16. e5 dxe5 17. Nxe5 Nxe5 18. Rxe5 Qd6 19. Bxa8 Rxa8 20. Ne4 Qg6 21.
Qf4 Re8 22. Re1 Rxe5 23. Qxe5 Ng5 24. Nxg5 Qxg5+ 25. Qxg5 hxg5 26. Re7 Be6 27.
Rxc7 Kf8 28. Kd2 Ke8 29. Ra7 Bc8 30. Kd3 g6 31. Ke4 f5+ 32. gxf5 gxf5+ 33. Ke5
f4 34. Rg7 Bxh3 35. Rxg5 Ke7 36. Rg6 Bc8 37. Kxf4 Kd7 38. Ke5 Kc7 39. d5 Bd7
40. d6+ Kc6 41. b4 Kb6 42. Rg7 Kc6 43. a3 Bc8 44. Rc7+ Kb6 45. Rxc8 Kb7 46. d7
Kb6 47. d8=Q+ Ka7 48. Qc7# 1-0

[Event "MCR mladeze 2014, D10"]
[Site "Kouty nad Desnou"]
[Date "2014.03.12"]
[Round "6"]
[White "Korenova, Karolina"]
[Black "Fizerova, Lucie"]
[Result "0-1"]
[WhiteElo "1256"]
[BlackElo "1160"]
[PlyCount "46"]
[EventDate "2014.??.??"]

1. e4 e6 2. d4 d5 3. e5 c5 4. c3 Nc6 5. Nf3 Qb6 6. Be2 Bd7 7. O-O O-O-O 8. Ng5
Nh6 9. Nf3 cxd4 10. Nxd4 Nxd4 11. cxd4 Nf5 12. b3 Nxd4 13. Be3 Nxe2+ 14. Qxe2
Qc7 15. Rc1 Bc6 16. Bxa7 g6 17. Qe3 Qe7 18. Bc5 Qd7 19. Bxf8 Rhxf8 20. Nc3 d4
21. Qe2 dxc3 22. Rxc3 Qd5 23. b4 Qxg2# 0-1

[Event "MCR mladeze 2014, D10"]
[Site "Kouty nad Desnou"]
[Date "2014.03.12"]
[Round "6"]
[White "Szuscikova, Natalie"]
[Black "Garska, Lenka"]
[Result "1-0"]
[WhiteElo "1223"]
[BlackElo "1273"]
[PlyCount "49"]
[EventDate "2014.03.08"]

1. e4 e5 2. Nf3 Nc6 3. Bb5 d6 4. Nc3 Be7 5. d3 Bd7 6. O-O Nf6 7. Be3 O-O 8. Re1
Re8 9. Qd2 Qc8 10. Kh1 Bg4 11. Ng5 h6 12. Nf3 Bxf3 13. gxf3 Qh3 14. Rg1 Qxf3+
15. Rg2 Kf8 16. Bxh6 Nh5 17. Rag1 Bf6 18. Nd5 Rec8 19. Nxf6 Nxf6 20. Bxg7+ Ke7
21. Qg5 Rd8 22. Re1 Nd4 23. Re3 Qd1+ 24. Rg1 Nf3 25. Qxf6# 1-0

[Event "MCR mladeze 2014, D10"]
[Site "Kouty nad Desnou"]
[Date "2014.03.12"]
[Round "6"]
[White "Vsetulova, Viktorie"]
[Black "Dudova, Pavlina"]
[Result "1-0"]
[WhiteElo "1241"]
[BlackElo "1047"]
[PlyCount "87"]
[EventDate "2014.03.08"]

1. e4 e5 2. Nf3 Nc6 3. Bc4 Nf6 4. d3 Be7 5. Nc3 d6 6. Be3 O-O 7. Qe2 Na5 8. Bb3
Nxb3 9. axb3 Bg4 10. O-O Nh5 11. h3 Be6 12. Nxe5 dxe5 13. Qxh5 f5 14. Rad1 fxe4
15. Nxe4 Rf5 16. Qg4 Rf6 17. Nxf6+ Kh8 18. Qxe6 Bxf6 19. Rfe1 Bg5 20. Bxg5 Qxg5
21. Rxe5 Qd8 22. Rde1 h6 23. Qe8+ Qxe8 24. Rxe8+ Rxe8 25. Rxe8+ Kh7 26. Re7 b5
27. Rxc7 a5 28. Ra7 Kg6 29. Rxa5 Kf5 30. Rxb5+ Ke6 31. c4 Kd6 32. Kf1 Kc6 33.
Rd5 Kc7 34. Ke2 Kc6 35. Ke3 Kb6 36. Ke4 Kc7 37. Ke5 Kb7 38. Rc5 Kb6 39. Kd5 Kb7
40. Kd6 Kb6 41. Rb5+ Ka7 42. b4 Ka6 43. Kc7 Ka7 44. Ra5# 1-0